SCILAB from Theory to Practice : Fundamentals /

সংরক্ষণ করুন:
গ্রন্থ-পঞ্জীর বিবরন
প্রধান লেখক: Roux, Philippe (autor)
বিন্যাস: গ্রন্থ
ভাষা:ইংরেজি
প্রকাশিত: París, Francia : Editions D-BookeR, 2016, c2016
বিষয়গুলি:
ট্যাগগুলো: ট্যাগ যুক্ত করুন
কোনো ট্যাগ নেই, প্রথমজন হিসাবে ট্যাগ করুন!

MARC

LEADER 00000nam^a2200000^a^4500
001 000380661
005 20250521000000.0
009 20260310120614.84
020 |a 978-2-8227-0293-5 
037 |a Acervo ITESO - Biblioteca 
041 |a ING 
082 |a 502. 85369  |b ROU V. 1 
100 |a Roux, Philippe  |e (autor) 
240 1 1 |a [SCILAB] 
245 1 0 |a SCILAB from Theory to Practice :  |b Fundamentals /  |c P. Roux ; pref. de C. Gomez ; tr. por Perrine Mathieu. 
264 4 |a París, Francia :  |b Editions D-BookeR,  |c 2016, c2016 
300 |a XII, 400 p. 
336 |a texto  |b txt  |2 rdacontenido 
337 |a sin mediación  |b n  |2 rdamedio 
338 |a volumen  |b nc  |2 rdasoporte 
500 |a Traducción de: SCILAB de la théorie à la practique: les fondamentaux 
521 |a Peticiones 2016 Juan Diego Sánchez Torres 
649 |a XX 
650 |a Análisis Numérico -  |x Tema Principal 
650 |a Análisis Matemático 
650 |a Modelos Matemáticos 
650 |a Métodos Gráficos 
650 |a Métodos de Simulación 
650 |a Proceso de Datos -  |x Tema Principal 
650 |a Paquetes (Software) 
650 |a Sistemas Computacionales 
650 |a Ingeniería Computacional 
650 |a Ciencia -  |x Metodología -  |x Tema Principal 
910 |a Fondo General 
920 |a Impresos - Libros 
930 |a Colección General 
905 |a 101 
901 |a 0500275341  |b IT1  |c ACC  |i C151990  |u 20250521 
902 |a https://opac.biblio.iteso.mx/vufind/Record/000380661